Breaking Bad Franchise - Statistics

General Stats
  • This quiz has been taken 83 times
  • The average score is 3 of 7
Answer Stats
Type Year Name Info % Correct
TV Show 2008-2013 Breaking Bad AMC
100%
TV Show 2015-Present Better Call Saul AMC
94%
Film 2019 El Camino: A Breaking Bad Movie Netflix
92%
TV Show 2014 Metástasis UniMás / Fox Latin America / Caracol Television
18%
TV Show 2013 Talking Bad AMC
6%
Video Game 2019 Breaking Bad: Criminal Elements FTX Games
3%
TV Show 2016-2017 Talking Saul AMC
3%
No matching quizzes found
Score Distribution
Percent of People with Each Score
Percentile by Number Answered
Your Score History
You have not taken this quiz